| 000 | 00974nas a2200313 4500 | ||
|---|---|---|---|
| 001 | BR2012007872 | ||
| 003 | BR-BrBNA | ||
| 005 | 20231205121335.0 | ||
| 007 | ta | ||
| 008 | 230509b bl.|||p| |||| 00| 00por d | ||
| 040 |
_aBR-BrBNA _bpor _cBiblioteca Nacional de Agricultura |
||
| 041 | _a(Pt) | ||
| 072 | _aF50; K10 | ||
| 100 | 1 | _aCosta, M. do P. | |
| 100 | 1 | _aPereira, J.A.A. | |
| 100 | 1 | _aBenício, M.H.M. | |
| 100 | 1 | _aSousa, H. | |
| 100 | 1 | _aFontes, M.A.L. | |
| 100 | 1 | _aGarcia, P.O. | |
| 245 | 1 | _aAlometria e arquitetura de Copaifera langsdorffii (Desf.)Kuntze (Fabaceae)em fitofisionomias neotropicais no Sul de Minas Gerais | |
| 650 | _aCOPAÍBA | ||
| 650 | _aÁRVORE ANGIOSPERMA | ||
| 650 | _aMORFOLOGIA VEGETAL | ||
| 650 | _aCERRADO | ||
| 650 | _aMINAS GERAIS | ||
| 773 | 0 |
_tCiência Florestal (Brazil) _xISSN 0103-9954 _g(Apr-Jun 2012), v. 22(2) p. 223-240 _wBR2012007872 |
|
| 909 |
_a202311 _bLúcia _c55 _dLúcia Elande |
||
| 942 |
_2AGRIS _n0 _cANA |
||
| 999 |
_c223040 _d223040 |
||